| 000 | 01150cam a2200301 a 4500 | ||
|---|---|---|---|
| 001 | 000013879 | ||
| 003 | DO-SdBNP | ||
| 005 | 20250612133448.0 | ||
| 008 | 991208s1999 mx a f001 0 spa | ||
| 020 | _a9688429872 | ||
| 035 | _a(MxMxBFM)bm 970107127 | ||
| 040 |
_aDO-SdBNP _cDLC _dBNPHU |
||
| 082 | 4 |
_a327.1772 _bN964 _222 |
|
| 245 | 0 | 3 |
_aLa nueva política mexicana de cooperación internacional / _cJorge Alberto Lozoya ... [et al.]. |
| 260 |
_aMéxico : _bSecretaría de Relaciones Exteriores ; _bInstituto Mexicano de Cooperación Internacional, _c1999. |
||
| 300 |
_a174 p. : _bil. ; _c23 cm. |
||
| 650 | 0 |
_aCooperación internacional _zMéxico _931438 |
|
| 650 | 4 |
_aCooperación internacional educativa _zMéxico _931439 |
|
| 651 | 7 |
_aMéxico _xRelaciones exteriores _93674 |
|
| 700 | 1 |
_aLozoya, Jorge Alberto. _931440 |
|
| 700 | 1 |
_aAbarca Ayala, Abel. _931441 |
|
| 700 | 1 |
_aAlcázar, Marco Antonio. _931442 |
|
| 700 | 1 |
_aGarcía-López Laoez, Agustín. _931443 |
|
| 700 | 1 |
_aNualart, Jaime. _931444 |
|
| 710 | 1 |
_aInstituto Mexicano de Cooperación Internacional. _931445 |
|
| 910 | _aCatalogación por copia / LC | ||
| 942 |
_2ddc _cLBS1 |
||
| 999 |
_c13485 _d13485 |
||